LEADER 02026nam 2200481 450 001 9910702316503321 005 20160208120013.0 035 $a(CKB)5470000002426997 035 $a(OCoLC)937392948 035 $a(EXLCZ)995470000002426997 100 $a20160208d2011 ua 0 101 0 $aeng 135 $aurcn||||a|||| 181 $ctxt$2rdacontent 182 $cc$2rdamedia 183 $acr$2rdacarrier 200 00$aHelping students cope with media coverage of disasters: a fact sheet for teachers and school staff 210 1$a[Oklahoma City, Okla.] :$cTerrorism and Disaster Center, University of Oklahoma Health Sciences Center,$d[2011] 215 $a1 online resource (10 pages) $ccolor illustrations 300 $aTitle from caption (viewed Feb. 5, 2016). 300 $a"This work was funded by the Substance Abuse and Mental Health Services Administration (SAMHSA), US Departtment of Health and Human Services (HHS)"--Page 10. 320 $aIncludes bibliographical references (page 10). 517 $aHelping students cope with media coverage of disasters 606 $aPsychic trauma in children 606 $aMass media and children 606 $aDisasters$xPress coverage$xPsychological aspects 606 $aTerrorism$xPress coverage$xPsychological aspects 606 $aChildren and terrorism 606 $aChildren$xAttitudes 615 0$aPsychic trauma in children. 615 0$aMass media and children. 615 0$aDisasters$xPress coverage$xPsychological aspects. 615 0$aTerrorism$xPress coverage$xPsychological aspects. 615 0$aChildren and terrorism. 615 0$aChildren$xAttitudes. 712 02$aUnited States.$bSubstance Abuse and Mental Health Services Administration, 712 02$aTerrorism and Disaster Center, 801 0$bGPO 801 1$bGPO 906 $aBOOK 912 $a9910702316503321 996 $aHelping students cope with media coverage of disasters: a fact sheet for teachers and school staff$93144634 997 $aUNINA